header

Sports injuries and their effects on health (Record no. 162476)

MARC details
000 -LEADER
fixed length control field 01427nam a2200361 a 4500
082 04 - DEWEY DECIMAL CLASSIFICATION NUMBER
Classification number 617.1/027
245 00 - TITLE STATEMENT
Title Sports injuries and their effects on health
260 ## - PUBLICATION, DISTRIBUTION, ETC. (IMPRINT)
Place of publication New York :
Name of publisher Nova Science Publishers,
Year of publication c2009.
300 ## - PHYSICAL DESCRIPTION
Number of Pages viii, 68 p. :
Other physical details ill.
490 1# - SERIES STATEMENT
Series statement Sports and athletics preparation, performance, and psychology series
500 ## - GENERAL NOTE
General note Includes index.
650 #0 - SUBJECT ADDED ENTRY--TOPICAL TERM
Topical Term Sports injuries
Topical Term Sports injuries
Topical Term Sports injuries
700 1# - ADDED ENTRY--PERSONAL NAME
Personal name Salerno, Robert R.
856 40 - ELECTRONIC LOCATION AND ACCESS
Uniform Resource Identifier http://site.ebrary.com/lib/rucke/Doc?id=10671346

No items available.

© 2026 Rongo University
Contact us: librarian | system librarian | Rongo university